The international politics of the Middle East / (Record no. 9600)
[ view plain ]
| 000 -LEADER | |
|---|---|
| fixed length control field | 01998nac a22003491u 4500 |
| 010 ## - LIBRARY OF CONGRESS CONTROL NUMBER | |
| LC control number | 2003046321 |
| 020 ## - INTERNATIONAL STANDARD BOOK NUMBER | |
| International Standard Book Number | 0719053455 (hb.) |
| 020 ## - INTERNATIONAL STANDARD BOOK NUMBER | |
| International Standard Book Number | 0719053463 (pbk.) |
| 082 00 - DEWEY DECIMAL CLASSIFICATION NUMBER | |
| Classification number | 327.0956 |
| Item number | HIN |
| 090 ## - LOCALLY ASSIGNED LC-TYPE CALL NUMBER (OCLC); LOCAL CALL NUMBER (OCLC) | |
| -- | 9600 |
| -- | 9600 |
| 100 ## - MAIN ENTRY--PERSONAL NAME | |
| Personal name | Hinnebusch, Raymond A. |
| 245 14 - TITLE STATEMENT | |
| Title | The international politics of the Middle East / |
| Statement of responsibility, etc | Raymond Hinnebusch. |
| 260 ## - PUBLICATION, DISTRIBUTION, ETC. (IMPRINT) | |
| Place of publication, distribution, etc | Manchester ; |
| -- | New York : |
| Name of publisher, distributor, etc | Manchester University Press ; |
| Place of publication, distribution, etc | New York : |
| Name of publisher, distributor, etc | Distributed exclusively in the USA by Palgrave,2003. |
| Date of publication, distribution, etc | c2003. |
| 300 ## - PHYSICAL DESCRIPTION | |
| Extent | 262 p. : |
| Other physical details | map ; |
| Dimensions | 23 cm. |
| 440 #0 - | |
| -- | Regional international politics series |
| 500 ## - GENERAL NOTE | |
| General note | Distributer: Bacca |
| 504 ## - BIBLIOGRAPHY, ETC. NOTE | |
| Bibliography, etc | Includes bibliographical references and index. |
| 511 ## - PARTICIPANT OR PERFORMER NOTE | |
| Participant or performer note | Catalogued by: Sara |
| 650 #0 - SUBJECT ADDED ENTRY--TOPICAL TERM | |
| Topical term or geographic name as entry element | Regionalism |
| Geographic subdivision | Middle East. |
| 650 #0 - SUBJECT ADDED ENTRY--TOPICAL TERM | |
| Topical term or geographic name as entry element | National state. |
| 650 #0 - SUBJECT ADDED ENTRY--TOPICAL TERM | |
| Topical term or geographic name as entry element | Postcolonialism |
| Geographic subdivision | Middle East. |
| 651 #0 - SUBJECT ADDED ENTRY--GEOGRAPHIC NAME | |
| Geographic name | Middle East |
| General subdivision | Foreign relations. |
| 856 42 - ELECTRONIC LOCATION AND ACCESS | |
| Materials specified | Contributor biographical information |
| Uniform Resource Identifier | <a href="http://www.loc.gov/catdir/bios/hol052/2003046321.html">http://www.loc.gov/catdir/bios/hol052/2003046321.html</a> |
| 856 42 - ELECTRONIC LOCATION AND ACCESS | |
| Materials specified | Publisher description |
| Uniform Resource Identifier | <a href="http://www.loc.gov/catdir/description/hol032/2003046321.html">http://www.loc.gov/catdir/description/hol032/2003046321.html</a> |
| 856 42 - ELECTRONIC LOCATION AND ACCESS | |
| Materials specified | Table of contents only |
| Uniform Resource Identifier | <a href="http://www.loc.gov/catdir/enhancements/fy0623/2003046321-t.html">http://www.loc.gov/catdir/enhancements/fy0623/2003046321-t.html</a> |
| 942 ## - ADDED ENTRY ELEMENTS (KOHA) | |
| Item type | Book - Borrowing |
| Call number prefix | 327.0956HIN |
| Withdrawn status | Item status | Damaged status | Not for loan | Home library | Current library | Shelving location | Date acquired | Source of acquisition | Total Checkouts | Total Renewals | Full call number | Barcode | Date last seen | Date last borrowed | Koha item type | Materials specified (bound volume or other part) | Checked out | Source of classification or shelving scheme | Vendor | Cost, normal purchase price | Cost, replacement price |
|---|---|---|---|---|---|---|---|---|---|---|---|---|---|---|---|---|---|---|---|---|---|
| Central Library | Central Library | First floor | 25/05/2008 | Purchase | 13 | 64 | 327.0956HIN | 000011529 | 15/07/2025 | 16/12/2019 | Book - Borrowing | ||||||||||
| Lost | Central Library | Central Library | First floor | 25/05/2008 | Purchase | 3 | 19 | 327.0956HIN | 000011528 | 19/12/2012 | 11/10/2012 | Book - Borrowing | Lost In Inventory_2015-8-23 | ||||||||
| Central Library | Central Library | First floor | 25/05/2008 | Purchase | 1 | 1 | 327.0956HIN | 000011527 | 17/09/2008 | 17/09/2008 | Book - Borrowing | 24/02/2009 | |||||||||
| Central Library | Central Library | First floor | 25/05/2008 | 6 | 16 | 327.0956HIN | 000011521 | 15/07/2025 | 09/10/2018 | Book - Borrowing | Dewey Decimal Classification | 180.00 | 225.00 | ||||||||
| Long Overdue (Lost) | Central Library | Central Library | First floor | 25/05/2008 | 5 | 1 | 327.0956HIN | 000011520 | 08/07/2009 | 04/12/2008 | Book - Borrowing | Lost In Inventory_2005-2015/8/22 | Dewey Decimal Classification | 180.00 | 225.00 |